|
|
|
|
| LEADER |
01446nam a2200385 a 4500 |
| 001 |
nkc20132466231 |
| 003 |
CZ PrNK |
| 005 |
20130717124959.0 |
| 007 |
ta |
| 008 |
130530s2013 xr a e p 000 0 cze |
| 015 |
|
|
|a cnb002466231
|
| 020 |
|
|
|a 978-80-7435-275-1
|q (brož.)
|
| 035 |
|
|
|a (OCoLC)855464853
|
| 040 |
|
|
|a BOA001
|b cze
|d OLA001
|d ABA001
|
| 072 |
|
7 |
|a 311
|x Statistika
|2 Konspekt
|9 4
|
| 072 |
|
7 |
|a 37.016
|x Učební osnovy. Vyučovací předměty. Učebnice
|2 Konspekt
|9 22
|
| 080 |
|
|
|a 311:33
|2 MRF
|
| 080 |
|
|
|a (075.8)
|2 MRF
|
| 100 |
1 |
|
|a Dolejš, Josef,
|d 1960-
|7 xx0065216
|4 aut
|
| 245 |
1 |
0 |
|a Ekonomická statistika /
|c Josef Dolejš
|
| 260 |
|
|
|a Hradec Králové :
|b Gaudeamus,
|c 2013
|
| 300 |
|
|
|a 127 s. :
|b il. ;
|c 29 cm
|
| 500 |
|
|
|a Nad názvem: Univerzita Hradec Králové, Fakulta informatiky a managementu, katedra informatiky a kvantitativních metod
|
| 500 |
|
|
|a 100 výt.
|
| 504 |
|
|
|a Obsahuje bibliografii
|
| 650 |
0 |
7 |
|a ekonomická statistika
|7 ph114425
|2 czenas
|
| 650 |
0 |
9 |
|a economic statistics
|2 eczenas
|
| 655 |
|
7 |
|a učebnice vysokých škol
|7 fd133772
|2 czenas
|
| 655 |
|
9 |
|a textbooks (higher)
|2 eczenas
|
| 710 |
2 |
|
|a Univerzita Hradec Králové.
|b Katedra informatiky a kvantitativních metod
|7 kn20030613006
|
| 910 |
2 |
|
|a BOA001
|b 4-1303.874
|
| 990 |
|
|
|a BK
|
| 995 |
|
|
|a 01
|
| 991 |
|
|
|b 201307
|c NOV
|e n
|
| 996 |
6 |
|
|b 2610554023
|c 4-1303.874
|l MZK
|r Sklad / do 1 hodiny
|n 4
|p p.v.
|w 001340113
|u 000010
|a 1
|e BOA001
|j MZK50
|s P
|